Electoral Systems : (Record no. 16427)
[ view plain ]
| 000 -LEADER | |
|---|---|
| fixed length control field | 02077cam a22003614a 4500 |
| 001 - CONTROL NUMBER | |
| control field | 16635008 |
| 005 - DATE AND TIME OF LATEST TRANSACTION | |
| control field | 20171128141336.0 |
| 008 - FIXED-LENGTH DATA ELEMENTS--GENERAL INFORMATION | |
| fixed length control field | 110202s2011 enka b 001 0 eng |
| 010 ## - LIBRARY OF CONGRESS CONTROL NUMBER | |
| LC control number | 2011003955 |
| 020 ## - INTERNATIONAL STANDARD BOOK NUMBER | |
| International Standard Book Number | 9781403912312 (pbk.) |
| 020 ## - INTERNATIONAL STANDARD BOOK NUMBER | |
| International Standard Book Number | 1403912319 (pbk.) |
| 020 ## - INTERNATIONAL STANDARD BOOK NUMBER | |
| International Standard Book Number | 9780230546783 (hbk.) |
| 020 ## - INTERNATIONAL STANDARD BOOK NUMBER | |
| International Standard Book Number | 0230546781 (hbk.) |
| 035 ## - SYSTEM CONTROL NUMBER | |
| System control number | (OCoLC)ocn698594475 |
| 040 ## - CATALOGING SOURCE | |
| Original cataloging agency | DLC |
| Transcribing agency | DLC |
| Modifying agency | YDX |
| -- | NLE |
| -- | YDXCP |
| -- | CDX |
| -- | BWX |
| -- | DLC |
| 042 ## - AUTHENTICATION CODE | |
| Authentication code | pcc |
| 050 00 - LIBRARY OF CONGRESS CALL NUMBER | |
| Classification number | JF1001 |
| Item number | .F35 2011 |
| 082 00 - DEWEY DECIMAL CLASSIFICATION NUMBER | |
| Classification number | 324.63 |
| Edition number | 22 |
| Item number | FAR |
| 100 1# - MAIN ENTRY--PERSONAL NAME | |
| Personal name | Farrell, David M., |
| Dates associated with a name | 1960- |
| 9 (RLIN) | 28751 |
| 245 10 - TITLE STATEMENT | |
| Title | Electoral Systems : |
| Remainder of title | a Comparative Introduction / |
| Statement of responsibility, etc | David M. Farrell. |
| 250 ## - EDITION STATEMENT | |
| Edition statement | 2nd ed. |
| 260 ## - PUBLICATION, DISTRIBUTION, ETC. (IMPRINT) | |
| Place of publication, distribution, etc | Houndmills, Basingstoke, Hampshire, UK ; |
| -- | New York : |
| Name of publisher, distributor, etc | Palgrave Macmillan, |
| Date of publication, distribution, etc | 2011. |
| 300 ## - PHYSICAL DESCRIPTION | |
| Extent | xiii, 279 p. : |
| Other physical details | ill. ; |
| Dimensions | 22 cm. |
| 504 ## - BIBLIOGRAPHY, ETC. NOTE | |
| Bibliography, etc | Includes bibliographical references and index. |
| 505 8# - FORMATTED CONTENTS NOTE | |
| Formatted contents note | Machine generated contents note: -- The Study of Electoral Systems -- The Single Member Plurality System and its Cousins -- Majority Electoral Systems : Two-Round Systems and the Alternative Vote -- The List Systems of Proportional Representation -- Mixed-Member Systems -- The Single Transferable Vote System of Proportional Representation -- The Consequences of Electoral Systems -- The Politics of Electoral System Design -- Electoral Systems and Electoral Institutions -- Electoral Systems and Stability. |
| 520 ## - SUMMARY, ETC. | |
| Summary, etc | "Electoral Systems examines the six principle types of electoral system currently in use in more than seventy of the world's democracies. A common format is adopted throughout, dealing with explanations of how the system operates and its effects on the political system."-- |
| 650 #0 - SUBJECT ADDED ENTRY--TOPICAL TERM | |
| Topical term or geographic name as entry element | Representative government and representation. |
| 9 (RLIN) | 28753 |
| 653 ## - INDEX TERM--UNCONTROLLED | |
| Resource For college | |
| Arrived date list | February2012 |
| 650 #0 - SUBJECT ADDED ENTRY--TOPICAL TERM | |
| 9 (RLIN) | 28752 |
| Topical term or geographic name as entry element | Elections |
| 856 42 - ELECTRONIC LOCATION AND ACCESS | |
| Materials specified | Cover image |
| Uniform Resource Identifier | <a href="http://www.netread.com/jcusers/1388/2280452/image/lgcover.9781403912312.jpg">http://www.netread.com/jcusers/1388/2280452/image/lgcover.9781403912312.jpg</a> |
| 942 ## - ADDED ENTRY ELEMENTS (KOHA) | |
| Source of classification or shelving scheme | Dewey Decimal Classification |
| Item type | Book - Borrowing |
| Withdrawn status | Item status | Source of classification or shelving scheme | Damaged status | Not for loan | Vendor | Home library | Current library | Shelving location | Date acquired | Source of acquisition | Cost, normal purchase price | Serial Enumeration / chronology | Total Checkouts | Total Renewals | Full call number | Barcode | Date last seen | Date last borrowed | Koha item type |
|---|---|---|---|---|---|---|---|---|---|---|---|---|---|---|---|---|---|---|---|
| Dewey Decimal Classification | MERIC | Central Library | Central Library | First floor | 09/02/2012 | 291.00 | 13168 | 2 | 3 | 324.63 FAR | 000026038 | 15/07/2025 | 27/09/2016 | Book - Borrowing |